| 000 | 00748nam a2200241 i 4500 | ||
|---|---|---|---|
| 001 | bgj | ||
| 100 | 1 | _aBLINN, Hansjürgen | |
| 245 | 1 | 0 |
_aInformationshandbuch Deutsche Literaturwissenschaft / _cHansjürgen Blinn. |
| 260 |
_aFrankfurt am Main : _bFischer Taschenbuch Verlag, _c1982. |
||
| 300 |
_a461 S. ; _c19 cm. |
||
| 490 | 1 |
_aFischer Wissenschaft = _aInformationshandbücher Geistes- und Sozialwissenschaften |
|
| 505 | _aRegister. | ||
| 651 | 9 |
_aDeutschland _xLiteraturwissenschaft |
|
| 655 | _aBibliographien | ||
| 655 | _aFachbibliographien | ||
| 830 | 0 | _aFischer Wissenschaft | |
| 020 | _a3596273188 | ||
| 040 | _cBPK | ||
| 041 | 0 | _ager | |
| 920 | _a3-596-27318-8 | ||
| 942 | _cKS | ||
| 008 | s gw f |000 0 ger | ||
| 999 |
_c50401 _d50401 |
||
| 856 |
_uhttp://koha.tu.koszalin.pl/cgi-bin/koha/opac-detail.pl?biblionumber=50401 _yKatalog online BPK |
||